How to buy beef roasts. (Record no. 12401)

MARC details
000 -LEADER
fixed length control field 00713cam a2200229 4500
001 - CONTROL NUMBER
control field agr68000092
003 - CONTROL NUMBER IDENTIFIER
control field DLC
005 - DATE AND TIME OF LATEST TRANSACTION
control field 20260227111029.0
008 - FIXED-LENGTH DATA ELEMENTS--GENERAL INFORMATION
fixed length control field 691216s1968 dcua 000 0 eng c
010 ## - LIBRARY OF CONGRESS CONTROL NUMBER
LC control number agr68000092
040 ## - CATALOGING SOURCE
Original cataloging agency U.S. Nat'l Agr. Libr.
Transcribing agency DLC
Modifying agency DLC
050 10 - LIBRARY OF CONGRESS CALL NUMBER
Classification number TX7
Item number .U6 no. 146
070 0# - NATIONAL AGRICULTURAL LIBRARY CALL NUMBER
Classification number 1 Ag84Hg no. 146
110 1# - MAIN ENTRY--CORPORATE NAME
Corporate name or jurisdiction name as entry element United States.
Subordinate unit Consumer and Marketing Service.
245 10 - TITLE STATEMENT
Title How to buy beef roasts.
260 ## - PUBLICATION, DISTRIBUTION, ETC.
Place of publication, distribution, etc. [Washington,
Name of publisher, distributor, etc. U.S. Govt. Print. Off.,
Date of publication, distribution, etc. 1968]
300 ## - PHYSICAL DESCRIPTION
Extent 15 p.
Other physical details illus.
Dimensions 23 x 11 cm.
490 1# - SERIES STATEMENT
Series statement United States. Dept. of Agriculture. Home and garden bulletin
Volume/sequential designation no. 146
650 #0 - SUBJECT ADDED ENTRY--TOPICAL TERM
Topical term or geographic name entry element Beef.
650 #3 - SUBJECT ADDED ENTRY--TOPICAL TERM
Topical term or geographic name entry element Beef.
830 #0 - SERIES ADDED ENTRY--UNIFORM TITLE
Uniform title Home and garden bulletin ;
Volume/sequential designation no. 146.

No items available.

Powered by Koha